Movies Quiz

Random Movies or Disney Quiz

Finish the Disney Song Quiz Stats

Quiz Updated Oct 21, 2016

Also try: Disney Songs
Challenge
Share
Tweet
Embed
Score 0/30 Timer 05:00
0 Plays Today
Start of title Rest of title % Correct
A Whole...New World
92.9%
I Just Can't...Wait to Be King
92.2%
You've Got...A Friend in Me
92%
Colors...Of the Wind
88.9%
Someday My...Prince Will Come
86%
When You...Wish Upon a Star
83.4%
I'll Make a...Man Out of You
79.5%
Who's Afraid of...The Big Bad Wolf
78.8%
Part of...Your World
75.7%
A Dream Is a...Wish Your Heart Makes
71%
You'll Be...In My Heart
70.3%
The Second Star...To the Right
68.1%
Once Upon...A Dream
68%
Ev'rybody Wants...To Be a Cat
66.3%
Yo-Ho...(A Pirate's Life for Me)
64.4%
Start of title Rest of title % Correct
I Wan'na Be...Like You
59.7%
I Won't Say...(I'm in Love)
55.9%
The Wonderful Thing...About Tiggers
47.6%
The Bells...Of Notre Dame
47%
If I Didn't...Have You
45.1%
Painting the...Roses Red
44.1%
Feed the Birds...(Tuppence a Bag)
40.4%
When I See...An Elephant Fly
35.1%
Why Should...I Worry?
32.7%
A Whale...Of a Tale
26.8%
Candle...On the Water
25.6%
Phony King...Of England
22.1%
That's What Makes...The World Go Round
21.2%
The Age of...Not Believing
11.6%
Everybody's Got...A Laughing Place
7.5%

You're not logged in!

Compare scores with friends on all Sporcle quizzes.
Join for Free
OR
Log In

You Might Also Like...

Show Comments

Extras

Top Quizzes Today


Score Distribution

Your Account Isn't Verified!

In order to create a playlist on Sporcle, you need to verify the email address you used during registration. Go to your Sporcle Settings to finish the process.

Report this User

Report this user for behavior that violates our Community Guidelines.

Details: